00621nam a2200193Ia 4500008004100000020001400041082001900055100002000074245002400094250000700118260004500125300002600170500002700196600003300223650002800256942000700284952012100291999001500412240925s9999 xx 000 0 und d a132821796 a428.240245 ZIM aZimmerman, Fran 0aEnglish For Science aNA aNew Jersey:bPrintice- Hall Int.c,1989. aix,179p.bNAfPirated aIncludes Illustrations aHumanities & Natural Science aEnglish and Old English cBK 001040708HUMaUITUbUITUd1996-01-22eD.E.Cg50.00l0o428.240245 ZIMpQ0486r2024-09-25 07:12:06w2024-09-25yBK c2985d2985